<?xml version="1.0" encoding="UTF-8"?>
<record
    xmlns:xsi="http://www.w3.org/2001/XMLSchema-instance"
    xsi:schemaLocation="http://www.loc.gov/MARC21/slim http://www.loc.gov/standards/marcxml/schema/MARC21slim.xsd"
    xmlns="http://www.loc.gov/MARC21/slim">

  <leader>00916nab a22001937i 4500</leader>
  <controlfield tag="003">KOSZ 005</controlfield>
  <controlfield tag="005">20170428125430.0</controlfield>
  <controlfield tag="008">160308s2011    pl  ||||| ||||0|| ||pol </controlfield>
  <datafield tag="035" ind1=" " ind2=" ">
    <subfield code="a">PBN-R:249543</subfield>
  </datafield>
  <datafield tag="040" ind1=" " ind2=" ">
    <subfield code="c">KOSZ 005/md</subfield>
    <subfield code="a">PBN-ID</subfield>
  </datafield>
  <datafield tag="041" ind1="0" ind2=" ">
    <subfield code="a">pol</subfield>
  </datafield>
  <datafield tag="100" ind1=" " ind2=" ">
    <subfield code="a">KU&#x141;AKOWSKA, Agnieszka.</subfield>
    <subfield code="d">2006 - .</subfield>
    <subfield code="b">Politechnika Koszali&#x144;ska - Wydzia&#x142; Mechaniczny,</subfield>
    <subfield code="c">Katedra Mechaniki Technicznej i Wytrzyma&#x142;o&#x15B;ci Materia&#x142;&#xF3;w</subfield>
  </datafield>
  <datafield tag="245" ind1="1" ind2="0">
    <subfield code="a">Analiza wp&#x142;ywu obci&#x105;&#x17C;e&#x144; dynamicznych na stan napr&#x119;&#x17C;e&#x144; w zaczepie kulowym samochodu osobowego /</subfield>
    <subfield code="c">Agnieszka Ku&#x142;akowska, Rados&#x142;aw Patyk.</subfield>
  </datafield>
  <datafield tag="260" ind1=" " ind2=" ">
    <subfield code="c">2011.</subfield>
  </datafield>
  <datafield tag="650" ind1=" " ind2="0">
    <subfield code="a">Transport.</subfield>
  </datafield>
  <datafield tag="700" ind1=" " ind2=" ">
    <subfield code="a">PATYK, Rados&#x142;aw.</subfield>
    <subfield code="d">2007 - .</subfield>
    <subfield code="b">Politechnika Koszali&#x144;ska - Wydzia&#x142; Mechaniczny</subfield>
    <subfield code="c">Katedra Mechaniki Technicznej i Wytrzyma&#x142;o&#x15B;ci Materia&#x142;&#xF3;w</subfield>
  </datafield>
  <datafield tag="773" ind1="0" ind2="8">
    <subfield code="i">W :</subfield>
    <subfield code="t">Logistyka. -</subfield>
    <subfield code="x">1231-5478</subfield>
    <subfield code="d">Instytut Logistyki i Magazynowania</subfield>
    <subfield code="g">2011, Z. 6, s. 2053-2058</subfield>
  </datafield>
  <datafield tag="942" ind1=" " ind2=" ">
    <subfield code="c">ART</subfield>
    <subfield code="2">UKD</subfield>
  </datafield>
  <datafield tag="999" ind1=" " ind2=" ">
    <subfield code="c">8312</subfield>
    <subfield code="d">8312</subfield>
  </datafield>
</record>
